El hombre, la cultura y la ciencia a la luz del Mensaje de Cristo
Gorde:
| Egile nagusia: | |
|---|---|
| Formatua: | Liburua |
| Hizkuntza: | gaztelania |
| Argitaratua: |
Santiago
Salesiana
1985
|
| Saila: | Palabras escogidas de Juan Pablo II, 2
|
| Gaiak: | |
| Etiketak: |
Etiketa erantsi
Etiketarik gabe, Izan zaitez lehena erregistro honi etiketa jartzen!
|
MARC
| LEADER | 00000nam a2200000 a 4500 | ||
|---|---|---|---|
| 001 | UCU9447 | ||
| 003 | CL-VaPUC | ||
| 008 | 960816e19850000CL |||||||||||||||||spa|d | ||
| 082 | 0 | 4 | |a 262.91 |b JUA |2 21 |
| 100 | 0 | |a Juan Pablo II, Papa |e author |9 257113 | |
| 245 | 1 | 3 | |a El hombre, la cultura y la ciencia a la luz del Mensaje de Cristo |
| 300 | |a 30 p | ||
| 942 | |c BK | ||
| 945 | |d 19960816 00:00:00 |a aalvarez | ||
| 260 | |a Santiago |b Salesiana |c 1985 | ||
| 650 | 0 | |a Documentos pontificios |9 255642 | |
| 650 | 0 | |a Educación |9 258661 | |
| 650 | 0 | |a Familias |9 255641 | |
| 650 | 0 | |a Ciencia |9 255691 | |
| 650 | 0 | |a Científicos |9 262025 | |
| 583 | |a last modification |c 19960816 00:00:00 |k Rodrigo Vera | ||
| 490 | 0 | |a Palabras escogidas de Juan Pablo II, 2 | |
| 999 | |c 251185 |d 251183 | ||
| 952 | |0 0 |1 0 |4 0 |6 262_910000000000000_JUA_1985 |7 0 |8 A |9 270180 |a BIBTEO |b BIBTEO |d 2019-11-19 |i 3214273 |o 262.91 JUA 1985 |p 3214273 |r 2025-01-17 |w 2019-11-19 |y BK |k ICR | ||